Four Letter Name Words Quiz Stats

 Plays Quiz Updated May 14, 2018

Challenge
Share
Tweet
Embed
Score 0/20 Timer 05:00
8 Plays Today
% Correct
ANNA
94.9%
ANDY
94.9%
JACK
94.3%
WALT
94.2%
EVIE
94.1%
PETE
93.8%
LEVI
93.6%
MARY
92.6%
BART
92.6%
GENE
91.4%
% Correct
HANK
91.3%
OTTO
90.8%
LIAM
90.7%
DAVE
90.6%
KATE
89.6%
IVAN
89.1%
ROSE
88.4%
LISA
84.6%
CHIP
84.5%
PAUL
82.9%

You're not logged in!

Compare scores with friends on all Sporcle quizzes.
OR
Log In

You Might Also Like...

Show Comments

Extras

Top Quizzes Today


Score Distribution

Your Account Isn't Verified!

In order to create a playlist on Sporcle, you need to verify the email address you used during registration. Go to your Sporcle Settings to finish the process.

Report this User

Report this user for behavior that violates our Community Guidelines.

Details: